000 005880000a22001930004500
090 _aAR
_b00608
245 1 0 _aBlood coagulation of the west Indian manatee (<Trichechus manatus>)
650 1 4 _aMamíferos acuáticos
_993274
650 1 4 _aHematología
_993676
650 1 4 _aVeterinaria
_993538
653 _gTrichechus
_eTrichechus manatus
_vmanatí
041 0 _aInglés
700 1 _aBonde, Robert K.
_993283
700 1 _aDodds, W. Jean
_993705
700 1 _aMoynihan, Ann C.
_993706
100 1 _aMedway, W.
_993654
942 _cARTICULO
773 1 _tCornell Vet.
_3236
_h7
_q120-127
_d1982
999 _c9700
_d9700